Представление документа в формате MARC21

Поле Инд. ПП Название Значение
Тип записи a
Библиографический уровень m
001 Контрольный номер 6eda0021cc354f40a5c110e03e8e8352
005 Дата корректировки 20250217185811.8
084 a Индекс другой классификации/Индекс ББК Ч213я7
084 a Индекс другой классификации/Индекс ББК Ю251я7
090 x Авторский знак Е 26
a Полочн. индекс Ч21
097 b Оператор *Фа*
100 1_ a Автор Евстифеева Е.А.
245 10 a Заглавие История и философия науки
b Продолж. заглавия учебно-методическое пособие обязательной дисциплины "История и философия науки" Б.1.Б1 основной профессиональной образовательной программы послевузовского профессионального образования для аспирантов
c Ответственность Тверской государственный технический университет
250 a Основные сведения об издании 2-е изд., доп. и перераб.
260 a Место издания Тверь
b Издательство ТвГТУ
c Дата издания 2024
300 a Объем 68 с.
515 a Прим. об особенностях нумерации № 5060
516 8_ a Прим. о типе комп. файла/ данных Текст : электронный
520 0_ a Аннотация Подняты темы, рассматриваемые в рамках обязательной дисциплины «История и философия науки», дано краткое их описание и приведены высказывания известных ученых (философов, физиков, математиков и т. д.), иллюстрирующие указанные темы. Содержит обширный тестовый материал, направленный на самостоятельный контроль знаний аспирантов по изучаемой дисциплине; вопросы и критерии оценки к экзамену кандидатского минимума «История и философия науки»; список литературы и интернет-ресурсов. Создано с учетом требований ФГОС по учебной обязательной дисциплине «История и философия науки» Б.1.Б1. Предназначено для аспирантов всех направлений при подготовке к кандидатскому экзамену «История и философия науки».
535 1_ a Хранилище Сервер
653 0_ a Ключевые слова История науки
a Ключевые слова Философия науки
a Ключевые слова Научные традиции
a Ключевые слова Развитие науки
655 a Жанр/ форма (устаревшее) М
900 a Имя макрообъекта 001-000158919-000000000-0000-0000-01
901 t Тип документа m
905 b Дата создания записи обработка 20.02.24
922 c Кафедра Психология, история и философия
951 i EL-ТГТУ? Да
990 h N записи в КСУ для Б/У (DOS) 1/2024э